[Event "7th RTU Open 2017"]
[Site "Riga"]
[Date "2017.08.09"]
[Round "4"]
[White "Brunello, Sabino"]
[Black "Nikitenko, Mihail"]
[Result "1-0"]
[WhiteElo "2566"]
[BlackElo "2369"]
[Annotator "TA"]
[PlyCount "61"]
[EventDate "2017.??.??"]
[EventType "swiss"]
[EventCountry "LAT"]
[SourceTitle "playchess.com"]
[Source "ChessBase"]
[SourceQuality "1"]

{[%evp 22,61,50,30,155,71,131,138,196,81,75,87,87,75,93,68,131,136,206,82,142,144,138,147,166,110,115,112,114,110,143,117,380,93,196,210,250,225,225,194,1454,1512]} 1. d4 d5 2. c4 c6 3. Nf3 Nf6 4. e3 e6 {[%cal Be7e6,Be6e5][%mdl 32]} 5. Nbd2 Nbd7 6. Bd3 Bd6 7. O-O O-O 8. e4 e5 9. cxd5 cxd5 10. Re1 Re8 {D05: Colle System with ...e6} (10... h6 11. exd5 exd4 12. Nc4 Nb6 13. Nxd6 Qxd6 14. Nxd4 Nbxd5 15. Bf1 Rd8 16. Nb5 Qb6 17. Qf3 Bd7 18. Nc3 Bc6 19. Nxd5 Rxd5 20. b3 Re5 21. Qc3 Ng4 22. Be3 Nxe3 23. Qxe5 {½-½ (23) Onischuk,A (2685)-Duda,J (2697) Khanty-Mansiysk 2017}) 11. exd5 exd4 12. Ne4 {LiveBook: 18 Games} Ne5 (12... Qb6 $11 {remains equal.}) 13. Nxe5 (13. Nxd4 $6 Bg4 $11) (13. Bg5 $142 $1) 13... Rxe5 $146 ({Black should try} 13... Bxe5 14. Bg5 Bf5) ({Predecessor:} 13... Bxe5 14. Bg5 Bf5 15. Nxf6+ gxf6 16. Bh6 Qd7 17. h3 Bd6 18. Qf3 Bxd3 19. Qxd3 Rxe1+ 20. Rxe1 {0-1 (26) Khurtsidze,N (2415)-Sahin,D (2155) Mersin 2016}) 14. Bg5 $1 $16 Rxd5 (14... Rxg5 $16 15. Nxg5 Bb4) 15. Qf3 (15. Bc4 $18 {has better winning chances.} Rf5 16. Qb3) 15... Bg4 16. Nxf6+ (16. Bxf6 $2 Qd7 $19) 16... gxf6 17. Qxg4 {Threatening mate with Bxf6+.} Rxg5 18. Qh3 Rg6 (18... h5 $14) 19. Rac1 {[%mdl 1024] White has strong compensation.} Qa5 (19... Bf8 $16 {keeps fighting.} 20. Bxg6 hxg6) 20. Qd7 (20. Bxg6 $18 hxg6 21. Rc8+ Rxc8 22. Qxc8+ Kg7 23. Re8) 20... Be5 (20... f5 $142) 21. Re2 Kg7 22. g3 Qb6 23. f4 ({Don't play} 23. Bxg6 $6 hxg6 24. Qe7 Rd8 $16) (23. Rc8 $18 Rxc8 24. Qxc8) 23... Bd6 24. Kf2 Rd8 25. Qf5 h5 26. h4 Rh6 $2 {[%mdl 8192]} (26... Rh8 $16 {might work better.}) 27. Kf3 $2 $40 {[%mdl 128] White goes for the king.} (27. g4 $1 $18 {and the rest is easy.}) 27... Bf8 {[#]} (27... Kf8 $16) 28. g4 $1 $18 {[%cal Bg3g4,Bg4g5][%mdl 32]} Qd6 29. Rg2 ({Resist} 29. gxh5 Kh8) 29... Kh8 {[#]} 30. g5 $1 {[%cal Rg5h6]} ({Less strong is} 30. gxh5 Qe6 $14) 30... Qe7 $2 (30... Rg6 31. gxf6 Qxf6) 31. Re2 {Precision: White = 49%, Black = 16%.} 1-0

[Event "7th RTU Open 2017"]
[Site "Riga"]
[Date "2017.08.09"]
[Round "4"]
[White "Kotsur, Pavel"]
[Black "Sanders, Isaac B"]
[Result "1/2-1/2"]
[WhiteElo "2558"]
[BlackElo "2359"]
[Annotator "TA"]
[PlyCount "102"]
[EventDate "2017.??.??"]
[EventType "swiss"]
[EventCountry "LAT"]
[SourceTitle "playchess.com"]
[Source "ChessBase"]
[SourceQuality "1"]

{[%evp 18,102,-22,-29,-8,-47,-53,-77,-93,-68,-64,-78,-77,-88,-64,-106,-13,-356,-8,-14,-5,-5,0,-4,-5,-18,-18,-10,-11,-10,-10,-10,-20,-12,0,0,0,0,0,0,0,0,12,12,12,12,12,13,37,12,18,0,0,0,0,0,34,0,0,0,0,0,0,0,0,0,0,0,0,0,0,0,0,0,0,0,0,0,0,0,0,0,0,0,0,0,0]} 1. e4 e5 2. Nf3 Nc6 3. Bc4 Nf6 4. d3 Be7 5. O-O O-O 6. Bb3 d5 7. exd5 {C55: Two Knights: 4 d3, 4 d4 exd4 5 e5 and Max Lange Attack} Nxd5 8. Re1 (8. h3 a5 9. a3 Nd4 10. Nxd4 exd4 11. Re1 Ra6 12. Qf3 Re6 13. Rxe6 Bxe6 14. Nd2 c6 15. Ne4 a4 16. Bc4 {½-½ (30) Radjabov,T (2740)-Ponomariov,R (2733) Medias 2010}) 8... Bg4 9. c3 Bh5 10. h3 {LiveBook: 4 Games} Kh8 11. g4 Bg6 12. Nxe5 Nxe5 13. Rxe5 c6 $146 ({Predecessor:} 13... Nb6 14. d4 {0-1 (25) Goldshtein,Y-Meshkov,Y (2285) Smolensk 1982}) 14. Bxd5 Bd6 $1 {[%cal Rd6e5]} 15. Re1 cxd5 16. Qf3 Qh4 (16... f5 $17 {Strongly threatening ...fxg4.} 17. g5 Re8) 17. Qxd5 $2 {[%mdl 8192] [#]} (17. Be3 $11) 17... Rad8 $2 (17... Bh2+ $1 $19 {[%mdl 512]} 18. Kh1 (18. Kg2 $2 f5 $19) (18. Kxh2 Qxf2+) 18... Qxf2) 18. Bg5 $11 Qxh3 {( -> ...Bh2+)} 19. Qg2 $132 {[%mdl 2048] White is fighting back} Qxg2+ 20. Kxg2 Rde8 21. Be3 Bxd3 22. Rd1 Be4+ 23. f3 Bc6 24. Rxd6 Rxe3 25. Nd2 h6 26. Kf2 Re7 27. Nb3 f5 28. gxf5 Rxf5 29. Nd4 Rd5 (29... Rh5 {is more complex.} 30. Nxc6 bxc6 31. Kg3 Rg5+ 32. Kf2 Rh5) 30. Nxc6 bxc6 31. Rxd5 cxd5 {[%mdl 4096] Endgame KR-KR} 32. Rd1 Re5 33. Rd4 Kh7 34. b4 Kg6 35. f4 Rf5 36. b5 Kh5 37. Kg3 g5 $1 {The position is equal.} 38. a4 {Black must now prevent a5.} Rf7 39. fxg5 hxg5 40. Rb4 Rc7 41. Rb3 Kg6 42. a5 Kf5 43. Kf3 Ke5 44. Kg4 Kd6 45. Kxg5 Kc5 46. Kf6 Rb7 47. Ke6 (47. b6 $5) 47... Rxb5 48. Rxb5+ Kxb5 49. Kxd5 {White threatens c4+ and mate.} Kxa5 50. c4 {Intending c5 and mate.} Kb6 51. Kd6 {c5+ would kill now.} Kb7 {Precision: White = 54%, Black = 63%.} 1/2-1/2

[Event "7th RTU Open 2017"]
[Site "Riga"]
[Date "2017.08.09"]
[Round "4"]
[White "Kunin, Vitaly"]
[Black "Tomilova, Elena"]
[Result "1-0"]
[WhiteElo "2551"]
[BlackElo "2346"]
[Annotator "TA"]
[PlyCount "115"]
[EventDate "2017.??.??"]
[EventType "swiss"]
[EventCountry "LAT"]
[SourceTitle "playchess.com"]
[Source "ChessBase"]
[SourceQuality "1"]

{[%evp 23,115,31,33,27,31,30,42,24,25,16,20,23,55,8,24,21,20,16,47,45,69,65,74,61,77,76,79,80,155,162,186,186,185,170,183,171,156,145,176,193,186,194,207,197,291,276,321,319,400,339,316,310,305,286,29964,29965,29963,29966,29962,29964,29958,29953,2235,1681,29966,29966,29972,29974,29972,29973,29973,29974,29976,29977,29980,29981,29981,29982,29982,29983,29986,29987,29991,29992,29992,29993,29993,29994,29994,29995,29995,29993,29995,29996]} 1. g3 d5 2. Nf3 Bg4 3. Bg2 Nd7 4. d4 c6 5. O-O Ngf6 6. Nbd2 e6 7. Re1 Be7 8. e4 dxe4 9. Nxe4 Nxe4 10. Rxe4 Nf6 11. Re1 h6 12. c3 O-O 13. Qb3 {D02: 1 d4 d5 2 Nf3 sidelines, including 2...Nf6 3 g3 and 2...Nf6 3 Bf4} Qc8 (13... Qb6 14. Ne5 Bf5 15. Nc4 Qxb3 16. axb3 g5 17. h4 Nd5 18. hxg5 hxg5 19. Na5 Rab8 20. Bd2 Rfd8 {½-½ (59) Pantsulaia,L (2604)-Aryan,C (2447) Dubai 2016}) 14. Ne5 Bf5 15. Bd2 $146 {White is slightly better.} ({Predecessor:} 15. a4 Nd7 16. Nc4 Bd3 17. a5 a6 18. Ne3 Rd8 19. c4 Bg6 20. d5 Nc5 {0-1 (29) Jacobsen,H (1918)-Simonsen,H (2184) Klaksvik 2014}) 15... Rd8 16. h3 Nd5 17. c4 Nf6 18. Bc3 Qc7 19. Rad1 a5 {[#] Strongly threatening ...a4.} 20. Rd2 Bb4 21. a3 $36 {[%mdl 2048] White is pushing.} Bxc3 22. bxc3 Nd7 23. Rb2 Rdb8 24. Nxd7 Qxd7 25. c5 e5 (25... Qc7 $142) 26. Rxe5 $16 Bxh3 27. Bxh3 Qxh3 28. Re7 Qf5 29. Rbe2 ({Don't play} 29. Rxb7 $6 Rxb7 30. Qxb7 Re8 $16) 29... a4 30. Qb6 Qf3 31. R2e3 {[%cal Be2e3,Be3f3,Bf3f7][%mdl 32]} Qd1+ 32. Kg2 Qb3 33. Qc7 Rc8 (33... Qd5+ $142 34. Kg1 Rf8) 34. Qxb7 $18 Qd5+ 35. Rf3 Rf8 36. Re5 Qb3 37. Qxc6 Qxa3 {[#]} 38. Rxf7 $3 {[%mdl 512] Threatens to win with Ree7.} Qxc3 $2 (38... Qa2 $18 39. Rxg7+ Kxg7 40. Re7+ Rf7 41. Rxf7+ Kxf7) (38... Rxf7 39. Qxa8+) 39. Ref5 Qc4 40. Rxf8+ Rxf8 41. Rxf8+ Kxf8 {[%mdl 4096] Endgame KQ-KQ} 42. Qd6+ Kf7 43. c6 a3 44. Qxa3 {White mates.} ({Less strong is} 44. c7 a2 $18) 44... Qxc6+ 45. Qf3+ Qf6 46. Qxf6+ Kxf6 {K3P-KPP} 47. f4 Kf5 48. Kf3 h5 49. Ke3 g5 50. fxg5 Kxg5 {KPP-KP} 51. Ke4 Kg4 52. d5 Kxg3 {KP-KP} 53. d6 h4 54. d7 h3 55. d8=Q h2 56. Qd1 Kg2 57. Qf3+ Kg1 58. Ke3 {Precision: White = 85%, Black = 35%.} 1-0

[Event "7th RTU Open 2017"]
[Site "Riga"]
[Date "2017.08.09"]
[Round "4"]
[White "Kantans, Toms"]
[Black "Krykun, Yuriy"]
[Result "1/2-1/2"]
[WhiteElo "2541"]
[BlackElo "2350"]
[Annotator "TA"]
[PlyCount "84"]
[EventDate "2017.??.??"]
[EventType "swiss"]
[EventCountry "LAT"]
[SourceTitle "playchess.com"]
[Source "ChessBase"]
[SourceQuality "1"]

{[%evp 37,84,26,31,0,0,-22,-4,-18,-1,-22,-14,-58,-16,-51,0,-94,-87,-153,-150,-135,-138,-118,-114,-245,-231,-341,-338,-420,-427,-422,-404,-386,-380,-328,-315,-367,-368,-385,-276,-404,-388,-502,-315,-332,-327,-264,-333,-326,-316]} 1. e4 e5 2. Nf3 Nc6 3. Bb5 {[%cal Bf1b5,Bb5a4,Ba4b3][%mdl 32]} a6 4. Ba4 Nf6 5. O-O Be7 6. Re1 b5 7. Bb3 d6 8. c3 O-O 9. h3 Nb8 10. d4 Nbd7 11. Nbd2 Bb7 12. Bc2 Re8 13. Nf1 Bf8 14. Ng3 g6 15. a4 c5 16. d5 c4 17. Bg5 Nc5 {C95: Closed Ruy Lopez: Breyer Variation with 10 d4} (17... h6 18. Be3 Nc5 19. Qd2 h5 20. Bg5 Bg7 21. Rf1 Qc7 22. Bh6 Bh8 23. Ng5 Nh7 24. Nxh7 Kxh7 25. Be3 Qe7 26. f4 exf4 27. Bxf4 Kg8 {1-0 (51) Zherebukh,Y (2605)-Caruana,F (2817) Saint Louis 2017}) 18. Qd2 Be7 19. Bh6 Nfd7 {LiveBook: 22 Games. White has an edge.} 20. h4 bxa4 $146 ({Wrong is} 20... Bxh4 $2 21. Nxh4 Nb6 22. a5 $18) ({Predecessor:} 20... Nb6 21. axb5 axb5 22. Rxa8 Bxa8 23. h5 Nba4 24. Rb1 Bb7 25. Bg5 Bxg5 26. Nxg5 Qf6 27. Bxa4 bxa4 28. Nf3 Qf4 29. Qe2 {½-½ (29) Braun,C (2420)-Antonsen,M (2475) Gothenburg 2015}) 21. Ra3 Nb3 ({Don't go for} 21... Bxh4 $2 22. Nxh4 a5 23. Bg5 $18) 22. Qe3 Ndc5 ({Avoid the trap} 22... Bxh4 $2 23. Nxh4 Ndc5 24. Ngf5 $18) 23. h5 Bc8 24. Nh2 Bh4 25. Rf1 Ra7 (25... Bd7 $15) 26. Kh1 (26. Nf3 $11 Bf6 27. Nd2) 26... Bf6 27. f4 {[#]} (27. Nf3 $142) 27... exf4 $1 $17 28. Rxf4 Bg5 29. Bxg5 Qxg5 30. Qf3 (30. Ngf1 $17) 30... Rae7 31. Nhf1 (31. Ng4 {keeps fighting.} Bxg4 32. Qxg4 Qxg4 33. Rxg4) 31... Bd7 $19 32. Ne2 f5 {[%cal Bf7f5,Bf5e4][%mdl 32]} 33. hxg6 fxe4 34. Qe3 {Rf8+! would now be nice for White.} Qxg6 35. Rh4 Qf6 36. Rf4 Qg7 37. Nfg3 {and the idea Nh5 leaves White hopeful.} Rf8 38. Nh5 (38. Kg1 $142) 38... Qg6 39. Rh4 Bg4 40. Nef4 {Black has a decisive advantage.} Qg5 41. Qg3 {[#]} Rxf4 $1 42. Nxf4 (42. Qxf4 Qxh4+) 42... Rg7 {[%mdl 32768] Precision: White = 12%, Black = 74%. . An unexpected result.} 1/2-1/2

[Event "7th RTU Open 2017"]
[Site "Riga"]
[Date "2017.08.09"]
[Round "4"]
[White "Zakhartsov, Viacheslav V"]
[Black "Mu, Ke"]
[Result "1/2-1/2"]
[WhiteElo "2539"]
[BlackElo "2411"]
[Annotator "TA"]
[PlyCount "42"]
[EventDate "2017.??.??"]
[EventType "swiss"]
[EventCountry "LAT"]
[SourceTitle "playchess.com"]
[Source "ChessBase"]
[SourceQuality "1"]

{[%evp 21,42,14,14,14,23,25,16,18,17,13,11,4,12,-15,-14,-11,-7,-9,0,0,0,-17,0]} 1. Nf3 Nf6 2. c4 c6 3. Nc3 d5 4. e3 e6 5. d4 Nbd7 6. Qc2 Bd6 7. Bd3 dxc4 8. Bxc4 b5 9. Be2 Bb7 10. O-O O-O 11. e4 e5 12. dxe5 {D46: Semi-Slav: 5 e3 Nbd7 6 Bd3, Black avoids the Meran} Nxe5 13. Nh4 Bc8 14. Nf5 {The position is equal.} (14. h3 Ng6 15. Nf5 Bxf5 16. exf5 Nf4 17. Bf3 Rc8 18. Rd1 Qe7 19. Be3 Rfd8 {1-0 (56) Aronian,L (2793)-Giri,A (2771) Leuven 2017}) 14... Bxf5 15. exf5 Re8 {[#]} 16. Rd1 $146 ({Find the theoretical novelty and annotate with similar games:} 16. Bg5) 16... Qc7 17. h3 Rac8 18. Be3 Ned7 19. Bf3 Ne5 20. Be2 Ned7 21. Bf3 Ne5 1/2-1/2

[Event "7th RTU Open 2017"]
[Site "Riga"]
[Date "2017.08.09"]
[Round "4"]
[White "Ladva, Ottomar"]
[Black "Laurusas, Tomas"]
[Result "1-0"]
[WhiteElo "2532"]
[BlackElo "2409"]
[Annotator "TA"]
[PlyCount "68"]
[EventDate "2017.??.??"]
[EventType "swiss"]
[EventCountry "LAT"]
[SourceTitle "playchess.com"]
[Source "ChessBase"]
[SourceQuality "1"]

{[%evp 16,68,35,29,31,36,54,54,54,54,54,51,56,56,64,70,57,64,64,67,71,52,54,0,0,0,0,0,0,0,0,0,0,0,0,0,0,0,10,10,3,0,25,25,29,14,16,11,16,18,91,18,32,12,36]} 1. Nf3 {[%cal Bg1f3,Bf3d4,Bd4b5][%mdl 32]} Nf6 2. c4 c5 3. Nc3 Nc6 4. d4 cxd4 5. Nxd4 e6 6. Bf4 Bb4 7. Ndb5 O-O 8. Bd6 Bxd6 9. Nxd6 Qb6 {A33: Symmetrical English: 2 Nf3 Nf6 3 d4 cxd4 4 Nxd4 e6 5 Nc3 Nc6} 10. Qd2 Nd4 11. O-O-O Qxd6 {White is slightly better.} 12. Qxd4 Qxd4 13. Rxd4 b6 14. e4 e5 15. Rd2 Bb7 16. f3 {[#]} Bc6 $146 ({Predecessor:} 16... Rfd8 17. Be2 {½-½ (31) Agrest,E (2505)-Eingorn,V (2590) Graz 1997}) 17. b4 Rfd8 18. Be2 Kf8 19. Nd5 (19. Kb2 $14) 19... Bxd5 $11 20. cxd5 a5 21. bxa5 Rxa5 22. Rb2 Ne8 23. Kb1 Rb8 24. d6 b5 25. Rd1 b4 26. Bc4 Rb6 27. Rd5 Rxd5 28. Bxd5 Nxd6 {[%mdl 4096] Endgame KRB-KRN} (28... f5 $5) 29. a4 Ke7 30. Kc2 Nb7 $1 31. Bxb7 $1 Rxb7 32. Kb3 Ke6 (32... d5 $11) 33. a5 (33. Rd2 $16) 33... d5 34. a6 {[%mdl 1024] White has compensation.} Ra7 {Precision: White = 68%, Black = 69%.} 1-0

[Event "7th RTU Open 2017"]
[Site "Riga"]
[Date "2017.08.09"]
[Round "4"]
[White "Blomqvist, Erik"]
[Black "Kumsiashvili, Nikoloz"]
[Result "1/2-1/2"]
[WhiteElo "2525"]
[BlackElo "2403"]
[Annotator "TA"]
[PlyCount "79"]
[EventDate "2017.??.??"]
[EventType "swiss"]
[EventCountry "LAT"]
[SourceTitle "playchess.com"]
[Source "ChessBase"]
[SourceQuality "1"]

{[%evp 20,79,8,6,17,3,8,2,17,14,16,10,12,5,4,0,0,-4,19,-14,-19,-11,0,0,-2,-7,-17,-20,-18,-30,-28,-39,-11,-18,0,0,0,0,-7,-10,0,0,0,0,0,-2,-1,-2,0,-1,-6,-8,-4,0,0,0,0,0,0,0,0,0]} 1. Nf3 d5 2. g3 Bg4 3. Bg2 c6 4. c4 e6 5. O-O Nf6 6. cxd5 Bxf3 7. Bxf3 cxd5 8. d4 {A11: English Opening: 1...c6} Nc6 9. e3 Be7 10. Nc3 O-O 11. Qe2 {LiveBook: 12 Games} (11. Bd2 Rc8 12. Rc1 Nd7 13. Qe2 Nb6 14. Rfd1 a6 15. Be1 Bf6 16. Bg2 Rc7 17. Qc2 {½-½ (48) Cordova,E (2651)-Sevian,S (2601) Medellin 2017}) 11... Qd7 12. Rd1 Rfc8 13. Bd2 Ne8 14. Be1 Bf6 $146 ({Predecessor:} 14... Nd6 15. Kh1 f5 16. g4 Ne4 17. gxf5 exf5 {1-0 (48) Seeman,T (2392)-Colovic,A (2487) Tromsoe 2014}) 15. Rac1 Nd6 16. Bg2 Rc7 17. f3 Rac8 18. Bf2 Na5 19. Bf1 a6 20. a3 Nb3 21. Rb1 Nc4 22. Rd3 Nba5 23. Be1 b5 24. Rbd1 Nc6 25. Na2 Qe8 26. Nb4 {The position is equal.} Nxb4 27. axb4 Nb6 {[%cal Bc4b6,Bb6a4,Ba4b2][%mdl 32]} 28. Ra1 Rc2 29. Qd1 {Threatens to win with Bc3.} Na4 {[#]} 30. Bc3 $1 {[%mdl 512]} R2xc3 (30... Nxc3 31. Qxc2) 31. bxc3 Nb2 32. Qb3 (32. Qc2 $5 {[%cal Rc2b2]} Nxd3 33. Bxd3 $11) 32... Nxd3 33. Bxd3 Rc6 34. Kf2 {[%cal Bg1f2,Bf2e1,Be1d2][%mdl 32]} Qc8 35. Ra3 g6 36. f4 Bg7 37. Ke1 f5 38. Kd2 Bf8 39. Qa2 Qb7 40. Qa1 {Precision: White = 62%, Black = 70%.} 1/2-1/2

[Event "7th RTU Open 2017"]
[Site "Riga"]
[Date "2017.08.09"]
[Round "4"]
[White "Schneider, Ilja"]
[Black "Nabaty, Tamir"]
[Result "0-1"]
[WhiteElo "2519"]
[BlackElo "2654"]
[Annotator "TA"]
[PlyCount "68"]
[EventDate "2017.??.??"]
[EventType "swiss"]
[EventCountry "LAT"]
[SourceTitle "playchess.com"]
[Source "ChessBase"]
[SourceQuality "1"]

{[%evp 12,68,15,6,0,6,5,8,1,-4,0,0,1,0,0,-2,-6,-24,-27,-19,0,-8,0,-19,39,-21,-22,-39,-22,-20,-20,-26,-19,-175,-173,-184,-188,-245,-236,-317,-287,-301,-295,-304,-295,-291,-187,-294,-299,-1359,-1362,-1339,-1300,-1234,-1235,-1235,-1231,-1193,-1168]} 1. d4 d5 2. c4 c6 3. Nf3 Nf6 4. e3 Bf5 5. Nc3 e6 6. Bd3 Bg6 7. Ne5 Bxd3 {D12: Slav Defence: 3 Nf3 Nf6 4 e3 Bf5} 8. Qxd3 Bd6 (8... Nbd7 {is interesting.} 9. O-O Be7 10. f4 Bb4 11. Nd1 Ne4) 9. O-O O-O {The position is equal.} 10. b3 Qc7 $146 ({Predecessor:} 10... Nbd7 11. Nxd7 Qxd7 {½-½ (11) Korobkov,P (2460)-Motylev,A (2690) Rogaska Slatina 2011}) 11. f4 Bb4 12. Ne2 Ne4 13. c5 Qe7 14. Ng3 Nxg3 15. hxg3 Ba5 (15... f6 $5 {[%cal Rf6e5]} 16. Ng4 Nd7 $11) 16. g4 f6 17. Nf3 $1 Nd7 (17... e5 $11 18. dxe5 Nd7) 18. Bb2 ({White should play} 18. b4 $14 Bd8 19. Re1) 18... e5 $36 {[%mdl 2048] White is under pressure.} 19. dxe5 fxe5 20. Nxe5 Nxc5 {[%cal Bd7c5,Bc5e4,Be4g3][%mdl 32]} 21. Qc2 Ne4 {next ...Qh4 is good for Black.} 22. a3 $2 (22. Rf3 $1 $11 {and White stays safe.}) 22... Qh4 $19 23. Rf3 {[#]} Ng3 $1 24. Kf2 {[#]} (24. Rxg3 $142 Qxg3 25. Bd4) 24... Bb6 $1 {Threatens to win with ...Rae8.} 25. Qd3 {[#]} Rxf4 $1 {[%mdl 512]} 26. Rxf4 Nh5+ $1 27. Ke2 Nxf4+ 28. exf4 {Black must now prevent Rf1.} Qf2+ 29. Kd1 {Qf5 is the strong threat.} Qxb2 30. Qf5 $2 (30. Rb1 Qxg2 31. Qf5) 30... Qxa1+ {Black is clearly winning.} 31. Ke2 Qb2+ 32. Ke1 Qc1+ 33. Ke2 Qe3+ 34. Kd1 Qxb3+ {Precision: White = 30%, Black = 71%.} 0-1

[Event "7th RTU Open 2017"]
[Site "Riga"]
[Date "2017.08.09"]
[Round "4"]
[White "Lei, Tingjie"]
[Black "Neiksans, Arturs"]
[Result "1-0"]
[WhiteElo "2514"]
[BlackElo "2582"]
[Annotator "TA"]
[PlyCount "69"]
[EventDate "2017.??.??"]
[EventType "swiss"]
[EventCountry "LAT"]
[SourceTitle "playchess.com"]
[Source "ChessBase"]
[SourceQuality "1"]

{[%evp 27,69,26,72,45,98,95,97,82,107,106,103,91,81,95,79,91,188,190,187,175,214,182,174,157,327,323,314,262,262,268,229,235,596,585,564,559,692,439,6511,6511,29992,5514,29997,29998]} 1. e4 e5 2. Nf3 Nc6 3. Bb5 a6 4. Ba4 Nf6 5. O-O Be7 6. Re1 b5 7. Bb3 d6 8. c3 O-O 9. h3 Bb7 10. d4 Nd7 11. Nbd2 exd4 {C92: Closed Ruy Lopez: 9...Be6, Karpov and Flohr-Zaitsev Variations} 12. cxd4 Bf6 13. Nf1 Na5 14. Bc2 c5 {LiveBook: 4 Games} 15. e5 dxe5 (15... Be7 $1 $14) 16. dxe5 $16 {Black must now prevent Qd3.} Be7 $146 ({Find the theoretical novelty and annotate with similar games:} 16... Bxf3 17. Qd3 g6 18. exf6 Bc6 19. Bg5 Re8 20. Qg3 {0-1 (33) Prince,A-Mannion,S (2380) Largs 1997}) 17. Qd3 {[%csl Gc2][%cal Rd3h7]} g6 18. Bh6 Re8 19. e6 fxe6 20. Rad1 $40 {[%mdl 128] Black is in trouble.} Bd5 21. Ne3 (21. Qc3 $2 Bf6 $19) 21... c4 (21... Bxf3 $16 22. gxf3 Nc6) 22. Qe2 $18 Bb4 {[#]} 23. Ng4 $1 ({Worse is} 23. Nxd5 exd5 24. Qxe8+ Qxe8 $11) 23... Bxe1 24. Qxe1 {Strongly threatening Bg5.} Nc6 ({Wrong is} 24... Bxf3 $2 25. Rxd7 Qxd7 26. Nf6+ Kf7 27. Nxd7 $18) 25. Be4 Qa5 $2 (25... b4 $16) 26. Qe3 Re7 ({Much worse is} 26... Qxa2 27. Qc3 $18) 27. Rxd5 exd5 28. Bxd5+ Kh8 {[#]} 29. Qf4 $1 Rc8 $2 (29... Qb6 {is a better chance.} 30. Ng5 Nd4 31. Nf7+ Kg8) 30. Bxc6 $1 Rxc6 31. Qd4+ Kg8 {Threatens to win with ...Qb6.} 32. Bg5 Re1+ (32... Kf7 $142 33. Nh6+ Ke8 34. Qh8+ Nf8 35. Bxe7 Kxe7 36. Qg7+ Ke8 37. Qf7+ Kd8 38. Qxf8+ Kc7) 33. Nxe1 Qxe1+ 34. Kh2 {Nh6+ would kill now.} Qe6 35. Nh6+ {Precision: White = 98%, Black = 40%.} 1-0

[Event "7th RTU Open 2017"]
[Site "Riga"]
[Date "2017.08.09"]
[Round "4"]
[White "Meskovs, Nikita"]
[Black "Kulaots, Kaido"]
[Result "1/2-1/2"]
[WhiteElo "2495"]
[BlackElo "2577"]
[Annotator "TA"]
[PlyCount "134"]
[EventDate "2017.??.??"]
[EventType "swiss"]
[EventCountry "LAT"]
[SourceTitle "playchess.com"]
[Source "ChessBase"]
[SourceQuality "1"]

{[%evp 15,134,45,50,-8,-5,-6,27,31,42,35,45,47,45,58,45,-14,-14,-33,-20,-49,-50,-54,-55,-93,-87,-102,-100,-122,-118,-231,-249,-239,-112,-115,-102,-128,-113,-129,-119,-112,-123,-124,-103,-190,-161,-154,-155,-157,-170,-184,-104,-178,-209,-263,-260,-251,-228,-267,-141,-134,-127,-147,-147,-147,-145,-133,-135,-127,-127,-122,-126,-111,-119,-135,-123,-170,-202,-187,-183,-183,-176,-200,-179,-172,-160,-150,-63,-63,-63,-63,-63,-63,-63,-64,8,8,8,8,8,8,8,8,8,8,8,8,8,8,8,8,8,8,8,8,8,8,8,8,8,8,8]} 1. c4 Nf6 2. Nf3 g6 3. d4 Bg7 4. g3 O-O 5. Bg2 d6 6. O-O Nc6 7. Nc3 e5 8. d5 Nb8 {LiveBook: 97 Games} 9. a4 $146 {E62: King's Indian: Fianchetto: 6...c6 and Panno Variation (6...Nc6) without ...a6} (9. b3 $14) ({Find the theoretical novelty and annotate with similar games:} 9. e4 a5 10. Ne1 Na6 11. Nd3 Nb4 12. Ne1 Na6 13. f4 exf4 14. gxf4 Re8 15. Nd3 Ng4 16. h3 Bd4+ 17. Kh1 {½-½ (25) Inarkiev,E (2727)-Sutovsky,E (2650) Poikovsky 2017}) 9... a5 $11 10. c5 Na6 11. cxd6 {White has an edge.} cxd6 12. Nd2 Nc5 13. Nc4 b6 14. Nb5 Ne8 15. f4 (15. e4 $14) 15... e4 16. Be3 f5 17. Rb1 Ba6 18. Nba3 Rf7 19. b4 axb4 20. Rxb4 Bxc4 21. Nxc4 Rfa7 $1 22. Nxb6 (22. g4 $17) 22... Rb8 $19 23. Qb1 Ra6 (23... Bc3 $1 $19 {[%cal Rc3b4] is more deadly.} 24. Rb5 Nc7 25. Rxc5 dxc5) 24. Nc4 $17 Rxb4 25. Qxb4 Rxa4 26. Qb6 Qxb6 27. Nxb6 {Black must now prevent Bxc5.} Rb4 28. Nc8 Na4 29. Ne7+ (29. g4 $17) 29... Kf7 30. Nc6 Rb5 31. Ba7 Nc3 ({Don't do} 31... Rxd5 32. Rb1 $17) 32. e3 Nxd5 (32... Nf6 $19 33. Ra1 Ng4) 33. Rc1 (33. Rd1 $17 {keeps fighting.}) 33... Rb3 $19 34. Nd8+ Ke7 35. Nc6+ Kd7 36. Bf1 Rc3 ({But not} 36... Nxe3 37. Na5 $19) (36... Bb2 $19 37. Rc2 Bc3) 37. Rxc3 $17 Bxc3 38. Bb5 Kc7 39. Kf2 Nef6 40. h3 Kb7 41. Bd4 {[#]} Bxd4 $1 42. Nxd4 {[%mdl 4096] Endgame KBN-KNN} Kb6 43. Be2 Nc3 44. Bc4 d5 45. Bf1 {[#]} Nd1+ $1 46. Ke2 Nb2 47. Ke1 Nc4 48. Kf2 Na5 49. Be2 Nc6 50. Ne6 h5 ({Black should try} 50... Ka5 $17 51. Ke1 Kb4) 51. Nf8 Ne7 52. Ke1 Kc5 53. Kd2 Kb4 54. Bd1 Ne8 {[#]} ({Better is} 54... Nfg8 $15) 55. Nxg6 $1 $11 {[%mdl 512] The position is equal.} Nxg6 56. Bxh5 Nxf4 $1 57. gxf4 {KB-KN} Nf6 $1 {[%cal Rf6h5]} 58. Bg6 d4 59. Bxf5 Kc5 60. h4 {Strongly threatening Be6.} dxe3+ 61. Kxe3 Kd6 62. Bxe4 {And now Bb7 would win.} Nh5 63. Bh7 {Threatens to win with Bg6.} Ke7 64. f5 {aiming for Bg6.} Kf6 65. Kf3 Ng7 66. Kg4 (66. h5 $5 Nxh5 67. Kg4 $11) 66... Nxf5 67. Bxf5 Kg7 {Precision: White = 55%, Black = 72%.} 1/2-1/2